| 000 | 00533nam a2200157Ia 4500 | ||
|---|---|---|---|
| 008 | 100122s9999 xx 000 0 und d | ||
| 082 |
_b52758 _a823.08 |
||
| 100 | _aमोपासॉ जी द | ||
| 245 | _aत्वान आणि इतर कथा | ||
| 260 |
_bराजहंस प्रकाशन _c1996 |
||
| 300 | _a130 | ||
| 630 | _aत्वान आणि इतर कथा | ||
| 700 | _aपुरंदरे माधुरी | ||
| 730 | _aत्वान आणि इतर कथा | ||
| 942 | _cBOOK | ||
| 999 |
_c429925 _d429922 |
||